[Event "Mittelfrank Regionalliga Nord-Ost 2223"]
[Site "Mittelfranken"]
[Date "2022.11.27"]
[Round "3.3"]
[White "Schilay, Lorenz"]
[Black "Mueller, Christian7777"]
[Result "1/2-1/2"]
[WhiteElo "1949"]
[BlackElo "2052"]
[PlyCount "25"]
[EventDate "2022.10.09"]
[EventType "team-tourn"]
[EventRounds "9"]
[EventCountry "GER"]
[SourceTitle "EXT 2024"]
[Source "ChessBase"]
[SourceDate "2023.10.10"]
[SourceVersion "1"]
[SourceVersionDate "2023.10.10"]
[SourceQuality "1"]
[WhiteTeam "Fuerth SG"]
[BlackTeam "Windischeschenbach"]
[WhiteTeamCountry "GER"]
[BlackTeamCountry "GER"]

1. e4 d6 2. d4 Nf6 3. Nc3 e5 4. dxe5 dxe5 5. Qxd8+ Kxd8 6. Bc4 Bb4 7. f3 Be6 8. Bxe6 Bxc3+ 9. bxc3 fxe6 10. Nh3 Nbd7 11. Ke2 h6 12. Nf2 Ne8 13. c4 1/2-1/2

[Event "Mittelfrank Regionalliga Nord-Ost 2122"]
[Site "Mittelfranken"]
[Date "2022.06.26"]
[Round "3.4"]
[White "Wichmann, Adrian"]
[Black "Schilay, Lorenz"]
[Result "1/2-1/2"]
[WhiteElo "2038"]
[BlackElo "2023"]
[PlyCount "79"]
[EventDate "2021.10.24"]
[EventType "team-tourn"]
[EventRounds "9"]
[EventCountry "GER"]
[SourceTitle "EXT 2024"]
[Source "ChessBase"]
[SourceDate "2023.10.10"]
[SourceVersion "1"]
[SourceVersionDate "2023.10.10"]
[SourceQuality "1"]
[WhiteTeam "Forchheim SC"]
[BlackTeam "Fuerth SG"]
[WhiteTeamCountry "GER"]
[BlackTeamCountry "GER"]

1. e4 e5 2. Nf3 Nc6 3. Bc4 Nf6 4. d3 Be7 5. 0-0 0-0 6. Re1 d6 7. c3 Be6 8. Nbd2 Re8 9. Bb3 Bxb3 10. Qxb3 b6 11. Nc4 Qd7 12. Bg5 Nh5 13. Bxe7 Rxe7 14. Ne3 Nf4 15. Nd5 Re6 16. Nxf4 exf4 17. Qd5 Rae8 18. Qf5 Ne5 19. Ng5 Rg6 20. Qxd7 Nxd7 21. Nf3 Rge6 22. Nd4 Re5 23. Nf3 R5e7 24. Kf1 f6 25. Nd4 Ne5 26. Rad1 g6 27. f3 Kf7 28. Ne2 g5 29. Nd4 Rd7 30. Nf5 d5 31. b3 dxe4 32. dxe4 Red8 33. Rxd7+ Rxd7 34. Ke2 Rd3 35. Rc1 h5 36. h3 a6 37. c4 Rd8 38. Rd1 Rxd1 39. Kxd1 Nc6 40. Kd2 1/2-1/2

[Event "GER-ch rapid 45th"]
[Site "Neumarkt in der Oberpfalz"]
[Date "2019.09.21"]
[Round "3"]
[White "Rosner, Jonas"]
[Black "Schilay, Lorenz"]
[Result "1-0"]
[WhiteElo "2417"]
[BlackElo "1871"]
[PlyCount "63"]
[EventDate "2019.09.21"]
[EventType "swiss"]
[EventRounds "9"]
[EventCountry "GER"]
[SourceTitle "EXT 2020"]
[Source "ChessBase"]
[SourceDate "2019.10.17"]
[SourceVersion "1"]
[SourceVersionDate "2019.10.17"]
[SourceQuality "1"]

1. d4 Nf6 2. Nf3 g6 3. g3 Bg7 4. Bg2 0-0 5. 0-0 d6 6. b3 c5 7. Bb2 Nc6 8. d5 Nb8 9. c4 a6 10. Nbd2 b5 11. Qc2 Nbd7 12. e4 Qb6 13. Rfe1 Ra7 14. e5 Nxe5 15. Nxe5 dxe5 16. Bxe5 Bf5 17. Qc3 Nh5 18. Bxg7 Nxg7 19. Re2 bxc4 20. Nxc4 Qb4 21. Qxb4 cxb4 22. Rae1 e6 23. d6 Bd3 24. Rd2 Bxc4 25. bxc4 Rc8 26. Rc1 e5 27. c5 Ne6 28. c6 Kf8 29. Bd5 Nd4 30. Kg2 Nb5 31. Bb3 Nd4 32. c7 1-0

[Event "GER-ch U25-A"]
[Site "Willingen"]
[Date "2019.06.12"]
[Round "5"]
[White "Behringer, Tom"]
[Black "Schilay, Lorenz"]
[Result "1-0"]
[WhiteElo "1766"]
[BlackElo "1888"]
[PlyCount "51"]
[EventDate "2019.06.08"]
[EventType "swiss"]
[EventRounds "9"]
[EventCountry "GER"]
[SourceTitle "CBM 191 Extra"]
[Source "ChessBase"]
[SourceDate "2019.09.30"]
[SourceVersion "1"]
[SourceVersionDate "2019.09.30"]
[SourceQuality "1"]

1. e4 e5 2. Nf3 Nc6 3. d4 exd4 4. Bc4 Nf6 5. e5 d5 6. Bb5 Ne4 7. Nxd4 Bc5 8. Be3 0-0 9. Nxc6 bxc6 10. Bxc5 Nxc5 11. Bxc6 Rb8 12. 0-0 Rxb2 13. Bxd5 Bf5 14. Na3 a5 15. Qd4 Na4 16. Bxf7+ Kxf7 17. Qxa4 Qd5 18. Rfd1 Qc5 19. Qc4+ Qxc4 20. Nxc4 Rb5 21. f4 Ke6 22. Rd4 g5 23. fxg5 Bxc2 24. Na3 Rb2 25. Rd2 Kxe5 26. Nc4+ 1-0

[Event "GER-ch U25-A"]
[Site "Willingen"]
[Date "2019.06.12"]
[Round "6"]
[White "Schilay, Lorenz"]
[Black "Khachatryan, Taron"]
[Result "1/2-1/2"]
[WhiteElo "1888"]
[BlackElo "1900"]
[PlyCount "96"]
[EventDate "2019.06.08"]
[EventType "swiss"]
[EventRounds "9"]
[EventCountry "GER"]
[SourceTitle "CBM 191 Extra"]
[Source "ChessBase"]
[SourceDate "2019.09.30"]
[SourceVersion "1"]
[SourceVersionDate "2019.09.30"]
[SourceQuality "1"]

1. e4 c5 2. c3 Nf6 3. e5 Nd5 4. d4 cxd4 5. Nf3 e6 6. cxd4 b6 7. Bc4 Bb7 8. Nc3 Nxc3 9. bxc3 Qc7 10. Qd3 Be7 11. 0-0 Nc6 12. Bb3 Rc8 13. Bd2 Na5 14. Rfc1 Ba3 15. Rc2 Nc4 16. Bc1 Bxc1 17. Raxc1 Bxf3 18. Qxf3 0-0 19. Qd3 f6 20. f4 b5 21. Rf2 fxe5 22. fxe5 Rxf2 23. Kxf2 Qb6 24. Ke2 Qd8 25. Bxc4 Rxc4 26. Rc2 Qh4 27. h3 a6 28. Qf3 Rc8 29. Kd3 Rf8 30. Qe3 Qh5 31. Re2 Qf5+ 32. Qe4 Qf1 33. Kd2 Qa1 34. Qc2 b4 35. cxb4 Qxd4+ 36. Qd3 Qxb4+ 37. Qc3 Qb7 38. Qb3 Qc6 39. Kd3 Rf4 40. Qb8+ Kf7 41. Qb3 Qc5 42. Kd2 Qd4+ 43. Kc2 Qc5+ 44. Kd2 Rf1 45. Qb2 Qd5+ 46. Kc3 Rf4 47. Qb3 Qd4+ 48. Kc2 Qc5+ 1/2-1/2

[Event "Bayernliga U20 1819"]
[Site "Bayern"]
[Date "2018.12.08"]
[Round "3.1"]
[White "Schilay, Lorenz"]
[Black "Vuckovic, Zarko"]
[Result "0-1"]
[WhiteElo "1989"]
[BlackElo "2259"]
[PlyCount "148"]
[EventDate "2018.11.17"]
[EventType "team-tourn"]
[EventRounds "6"]
[EventCountry "GER"]
[SourceTitle "EXT 2022"]
[Source "ChessBase"]
[SourceDate "2021.10.06"]
[SourceVersion "1"]
[SourceVersionDate "2021.10.06"]
[SourceQuality "1"]
[WhiteTeam "Neumarkt U20"]
[BlackTeam "Augsburg SF U20"]
[WhiteTeamCountry "GER"]
[BlackTeamCountry "GER"]

1. e4 c5 2. c3 d5 3. exd5 Qxd5 4. d4 g6 5. Nf3 Bg7 6. dxc5 Qxc5 7. Be3 Qc7 8. Na3 a6 9. Be2 Nf6 10. 0-0 0-0 11. Qb3 Nbd7 12. Rfd1 b6 13. h3 Bb7 14. Rac1 Rac8 15. Nb1 Nc5 16. Qa3 Nd5 17. Bg5 Nf4 18. Bxf4 Qxf4 19. b4 Ne4 20. c4 Rc7 21. Nbd2 Nxd2 22. Nxd2 Be5 23. g3 Qf6 24. Qb3 Rfc8 25. Bf3 Bd4 26. Rf1 Qd6 27. Bxb7 Rxb7 28. Rc2 Rbc7 29. Rfc1 Bg7 30. a3 Bh6 31. Qc3 Bxd2 32. Rxd2 Rxc4 33. Rxd6 Rxc3 34. Rxc3 Rxc3 35. Rxb6 Rxa3 36. h4 Kg7 37. Kg2 a5 38. bxa5 Rxa5 39. Rb7 Kf6 40. Rb6+ e6 41. Rb2 Ra6 42. Kf3 h5 43. Rc2 Kf5 44. Rc7 f6 45. Rc2 e5 46. Re2 Ra3+ 47. Kg2 g5 48. hxg5 Kxg5 49. Re4 Rd3 50. Ra4 Rd4 51. Ra8 h4 52. gxh4+ Rxh4 53. Ra5 Rb4 54. Ra3 f5 55. Rc3 Rb2 56. Rg3+ Kf6 57. Ra3 e4 58. Kg3 Kg5 59. Kg2 f4 60. Kg1 Kg4 61. Ra1 Kf3 62. Ra3+ e3 63. fxe3 fxe3 64. Ra1 Rg2+ 65. Kh1 Rg8 66. Rf1+ Ke2 67. Rf7 Rg3 68. Kh2 Rf3 69. Rg7 Kf2 70. Rg2+ Ke1 71. Rg8 e2 72. Kg2 Rd3 73. Re8 Kd1 74. Kf2 Rd2 0-1

[Event "GER-ch U25-A"]
[Site "Willingen"]
[Date "2018.05.24"]
[Round "7"]
[White "Buhr, Patrick"]
[Black "Schilay, Lorenz"]
[Result "1-0"]
[WhiteElo "1799"]
[BlackElo "1931"]
[PlyCount "55"]
[EventDate "2018.05.19"]
[EventType "swiss"]
[EventRounds "9"]
[EventCountry "GER"]
[SourceTitle "CBM 184 Extra"]
[Source "ChessBase"]
[SourceDate "2018.06.28"]
[SourceVersion "1"]
[SourceVersionDate "2018.06.28"]
[SourceQuality "1"]

1. c4 Nf6 2. g3 e5 3. Nc3 d5 4. cxd5 Nxd5 5. Bg2 Nb6 6. Nf3 Nc6 7. 0-0 Be7 8. d3 0-0 9. a3 Be6 10. b4 a5 11. b5 Nd4 12. Bb2 Bb3 13. Qc1 f6 14. Nxd4 exd4 15. Ne4 Na4 16. Nd2 Nc5 17. Nxb3 Nxb3 18. Qc4+ Kh8 19. Qxb3 f5 20. Bxb7 Rb8 21. Bc6 Qd6 22. Qc4 Bf6 23. a4 f4 24. Ba3 Qe5 25. Bxf8 Rxf8 26. Bf3 fxg3 27. hxg3 Bg5 28. Kg2 1-0

[Event "GER-ch U25-A"]
[Site "Willingen"]
[Date "2018.05.23"]
[Round "6"]
[White "Schilay, Lorenz"]
[Black "Klenk, Sofie"]
[Result "0-1"]
[WhiteElo "1931"]
[BlackElo "1812"]
[PlyCount "77"]
[EventDate "2018.05.19"]
[EventType "swiss"]
[EventRounds "9"]
[EventCountry "GER"]
[SourceTitle "CBM 184 Extra"]
[Source "ChessBase"]
[SourceDate "2018.06.28"]
[SourceVersion "1"]
[SourceVersionDate "2018.06.28"]
[SourceQuality "1"]

1. e4 c5 2. c3 d5 3. exd5 Qxd5 4. d4 Nf6 5. Nf3 e6 6. Na3 a6 7. Nc4 Qd8 8. Be2 Nc6 9. 0-0 cxd4 10. cxd4 Be7 11. Be3 0-0 12. Rc1 Nd5 13. Nfe5 Nxe5 14. Nxe5 f6 15. Nd3 Bd7 16. Qb3 Bc6 17. Bf3 Rc8 18. Rfe1 Kh8 19. Bd2 Qd7 20. Nc5 Bxc5 21. dxc5 e5 22. Ba5 Ne7 23. Red1 Qf5 24. Bxc6 Nxc6 25. Bc3 Rc7 26. Qb6 Qc8 27. b4 Rd7 28. a4 Rfd8 29. Rxd7 Qxd7 30. h3 h6 31. b5 axb5 32. axb5 Ne7 33. Qa5 Rc8 34. Bb4 Kg8 35. c6 bxc6 36. Bxe7 Qxe7 37. Rxc6 Rb8 38. Rc7 Rxb5 39. Qxb5 0-1

[Event "GER-ch U25-A"]
[Site "Willingen"]
[Date "2018.05.22"]
[Round "4"]
[White "Schilay, Lorenz"]
[Black "Goldbeck, Lars"]
[Result "0-1"]
[WhiteElo "1931"]
[BlackElo "2208"]
[PlyCount "46"]
[EventDate "2018.05.19"]
[EventType "swiss"]
[EventRounds "9"]
[EventCountry "GER"]
[SourceTitle "CBM 184 Extra"]
[Source "ChessBase"]
[SourceDate "2018.06.28"]
[SourceVersion "1"]
[SourceVersionDate "2018.06.28"]
[SourceQuality "1"]

1. e4 c5 2. c3 d5 3. exd5 Nf6 4. Qa4+ Nbd7 5. c4 e6 6. dxe6 fxe6 7. Nf3 Bd6 8. Be2 0-0 9. Nc3 Ne5 10. Nxe5 Bxe5 11. d3 Bd7 12. Qd1 Qc7 13. h3 Bc6 14. Bf3 Bxc3+ 15. bxc3 Qe5+ 16. Kd2 Ne4+ 17. Bxe4 Bxe4 18. f4 Rxf4 19. Kc2 Rf2+ 20. Bd2 Bxd3+ 21. Kxd3 Qf5+ 22. Ke3 Rd8 23. Qf3 Rxf3+ 0-1

[Event "GER-ch U25-A"]
[Site "Willingen"]
[Date "2018.05.21"]
[Round "3"]
[White "Guenther, Emil"]
[Black "Schilay, Lorenz"]
[Result "0-1"]
[WhiteElo "1836"]
[BlackElo "1931"]
[PlyCount "148"]
[EventDate "2018.05.19"]
[EventType "swiss"]
[EventRounds "9"]
[EventCountry "GER"]
[SourceTitle "CBM 184 Extra"]
[Source "ChessBase"]
[SourceDate "2018.06.28"]
[SourceVersion "1"]
[SourceVersionDate "2018.06.28"]
[SourceQuality "1"]

1. Nf3 Nf6 2. d4 g6 3. g3 b6 4. Bg2 Bb7 5. 0-0 c5 6. e3 Bg7 7. b3 0-0 8. Bb2 d6 9. c4 cxd4 10. Bxd4 Nbd7 11. Nbd2 Rc8 12. Rc1 Nc5 13. Qe2 Rc7 14. Rfd1 Qb8 15. h4 Nce4 16. Nxe4 Bxe4 17. Ng5 Bxg2 18. Kxg2 Rfc8 19. Qf3 h6 20. Ne4 Nd7 21. Bxg7 Kxg7 22. Nc3 Ne5 23. Qe4 a6 24. Nd5 Qb7 25. f4 Ng4 26. Qf3 h5 27. Re1 Rc5 28. Nb4 Qd7 29. Nxa6 Ra5 30. Nb4 b5 31. Qd5 e6 32. Qd2 bxc4 33. Rxc4 Rxc4 34. bxc4 Qb7+ 35. e4 Ra4 36. a3 Kh7 37. Qb2 Qa8 38. Re2 Rxa3 39. Nc2 Ra4 40. Qd4 Qc6 41. Ne3 Nxe3+ 42. Rxe3 Rxc4 43. Qf6 Qb7 44. Kh3 Rc7 45. Qd4 Qb1 46. Re2 Qf1+ 47. Rg2 Rc2 48. Qg1 Qxg2+ 49. Qxg2 Rxg2 50. Kxg2 Kg7 51. Kf3 Kf6 52. Ke3 Ke7 53. e5 d5 54. Kd4 Kd7 55. Kc5 Kc7 56. Kb5 Kb7 57. Ka5 Kc6 58. Kb4 Kb6 59. Kc3 Kc5 60. Kd3 d4 61. Kd2 Kc4 62. Ke2 Kc3 63. Ke1 Kc2 64. g4 d3 65. gxh5 d2+ 66. Kf2 gxh5 67. f5 exf5 68. e6 fxe6 69. Kg2 d1Q 70. Kh2 Qg4 71. Kh1 Kd2 72. Kh2 Ke3 73. Kh1 Kf3 74. Kh2 Qg2# 0-1

[Event "Mittelfranken-chTB2b 1718"]
[Site "Mittelfranken"]
[Date "2018.04.22"]
[Round "8.3"]
[White "Schilay, Lorenz"]
[Black "Corral, Carlos"]
[Result "0-1"]
[WhiteElo "1931"]
[BlackElo "1908"]
[PlyCount "92"]
[EventDate "2017.10.08"]
[EventType "team-tourn"]
[EventRounds "9"]
[EventCountry "GER"]
[SourceTitle "EXT 2022"]
[Source "ChessBase"]
[SourceDate "2021.10.06"]
[SourceVersion "1"]
[SourceVersionDate "2021.10.06"]
[SourceQuality "1"]
[WhiteTeam "Neumarkt"]
[BlackTeam "Nuernberg Noris Tarrasch IV"]
[WhiteTeamCountry "GER"]
[BlackTeamCountry "GER"]

1. e4 c5 2. c3 g6 3. d4 cxd4 4. cxd4 d5 5. exd5 Nf6 6. Bb5+ Nbd7 7. Nc3 Bg7 8. Nf3 0-0 9. Bxd7 Bxd7 10. 0-0 Bg4 11. h3 Bxf3 12. Qxf3 Qb6 13. Rd1 Rfd8 14. Bg5 Rd7 15. Bxf6 Bxf6 16. Rab1 Bxd4 17. Qf4 Bg7 18. Qc4 Rad8 19. Na4 Qd6 20. Qb5 a6 21. Qa5 b5 22. Nc3 Rc8 23. Ne4 Qf4 24. Qxa6 Rc2 25. Nd2 Bd4 26. Qxb5 Rdc7 27. Kh1 Kg7 28. Qd3 Qxf2 29. Qf3 Rxd2 30. Qxf2 Rxd1+ 31. Kh2 Bxf2 32. Rxd1 Rc2 33. d6 exd6 34. Rxd6 Rxb2 35. a4 Ra2 36. Ra6 h5 37. g4 hxg4 38. hxg4 Kh6 39. Kg2 Kg5 40. Kf3 f5 41. gxf5 gxf5 42. Ra8 Bc5 43. Rc8 Ra3+ 44. Kg2 Bb4 45. Ra8 Kg4 46. Kf2 Kf4 0-1

[Event "Landesliga U20 Nord 1718"]
[Site "Bayern"]
[Date "2018.01.27"]
[Round "5.1"]
[White "Sammet, Dominik"]
[Black "Schilay, Lorenz"]
[Result "1/2-1/2"]
[WhiteElo "1744"]
[BlackElo "1931"]
[PlyCount "76"]
[EventDate "2017.11.18"]
[EventType "team-tourn"]
[EventRounds "7"]
[EventCountry "GER"]
[SourceTitle "EXT 2022"]
[Source "ChessBase"]
[SourceDate "2021.10.06"]
[SourceVersion "1"]
[SourceVersionDate "2021.10.06"]
[SourceQuality "1"]
[WhiteTeam "Regensburg Bavaria U20 II"]
[BlackTeam "Neumarkt U20"]
[WhiteTeamCountry "GER"]
[BlackTeamCountry "GER"]

1. e4 e5 2. Nf3 Nc6 3. Bb5 a6 4. Ba4 d6 5. c3 f5 6. d3 Nf6 7. Nbd2 Be7 8. 0-0 f4 9. Bxc6+ bxc6 10. d4 Bg4 11. dxe5 dxe5 12. Qa4 Bd6 13. Qxc6+ Bd7 14. Qc4 Qe7 15. Qe2 Bb5 16. c4 Bd7 17. b3 0-0 18. Bb2 c5 19. Nb1 h6 20. Nc3 Rae8 21. Rad1 Bc7 22. Rd2 g5 23. h3 g4 24. hxg4 Bxg4 25. Qd3 Rd8 26. Nd5 Nxd5 27. cxd5 Qg7 28. Nh2 f3 29. Rc1 Bb6 30. Bxe5 Qxe5 31. Nxg4 Qg5 32. Ne3 c4 33. Rxc4 Bxe3 34. fxe3 h5 35. d6 Qg3 36. Qd5+ Rf7 37. Rcc2 Qe1+ 38. Kh2 Qh4+ 1/2-1/2

[Event "Miercurea Ciuc Bancpost op 20th"]
[Site "Miercurea Ciuc"]
[Date "2017.08.25"]
[Round "9"]
[White "Voda, Costel"]
[Black "Schilay, Lorenz"]
[Result "1/2-1/2"]
[WhiteElo "1946"]
[BlackElo "1897"]
[PlyCount "33"]
[EventDate "2017.08.17"]
[EventType "swiss"]
[EventRounds "9"]
[EventCountry "ROU"]
[SourceTitle "EXT 2020"]
[Source "ChessBase"]
[SourceDate "2019.10.17"]
[SourceVersion "1"]
[SourceVersionDate "2019.10.17"]
[SourceQuality "1"]

1. e4 e5 2. Nf3 Nc6 3. Bc4 Nf6 4. d4 exd4 5. 0-0 Nxe4 6. Re1 d5 7. Bxd5 Qxd5 8. Nc3 Qa5 9. Rxe4+ Be6 10. Nxd4 0-0-0 11. Be3 Bc5 12. Qh5 Bxd4 13. Qxa5 Nxa5 14. Bxd4 Rhg8 15. b3 Nc6 16. Be3 Rd7 17. Rc1 1/2-1/2

[Event "Miercurea Ciuc Bancpost op 20th"]
[Site "Miercurea Ciuc"]
[Date "2017.08.17"]
[Round "1"]
[White "Manolache, Marius"]
[Black "Schilay, Lorenz"]
[Result "1-0"]
[WhiteElo "2495"]
[BlackElo "1897"]
[PlyCount "95"]
[EventDate "2017.08.17"]
[EventType "swiss"]
[EventRounds "9"]
[EventCountry "ROU"]
[SourceTitle "EXT 2020"]
[Source "ChessBase"]
[SourceDate "2019.10.17"]
[SourceVersion "1"]
[SourceVersionDate "2019.10.17"]
[SourceQuality "1"]

1. d4 Nf6 2. Bg5 Ne4 3. Bf4 d5 4. e3 g6 5. Bd3 Bg7 6. Ne2 c5 7. f3 Nf6 8. c3 Nc6 9. 0-0 0-0 10. Nd2 cxd4 11. exd4 Re8 12. Bb5 Qb6 13. Qb3 Bd7 14. Bd3 Qxb3 15. Nxb3 e5 16. Bg5 b6 17. Rad1 h6 18. Bc1 exd4 19. Nbxd4 Ne5 20. Bc2 Nc4 21. Kf2 Rac8 22. Rfe1 Kh7 23. Bd3 Re7 24. Nf4 Ne5 25. Ba6 Rce8 26. h3 Nc6 27. Rxe7 Rxe7 28. Nc2 Be6 29. Bb5 Nb8 30. Re1 g5 31. Nxe6 Rxe6 32. Rd1 Nc6 33. Ne3 Ne7 34. Ba4 Rd6 35. Bb3 b5 36. Nc2 Nd7 37. Nd4 Bxd4+ 38. Rxd4 Nb6 39. h4 f6 40. Bc2+ Kg7 41. hxg5 fxg5 42. Rb4 a6 43. Rg4 Kf7 44. f4 gxf4 45. Rxf4+ Kg7 46. Be3 Ng6 47. Bd4+ Kh7 48. Rf7+ 1-0

[Event "GER-ch U25-A"]
[Site "Willingen"]
[Date "2017.06.09"]
[Round "8"]
[White "Schilay, Lorenz"]
[Black "Cejda, Moritz"]
[Result "1-0"]
[WhiteElo "1813"]
[BlackElo "1597"]
[PlyCount "71"]
[EventDate "2017.06.04"]
[EventType "swiss"]
[EventRounds "9"]
[EventCountry "GER"]
[SourceTitle "CBM 178 Extra"]
[Source "ChessBase"]
[SourceDate "2017.06.22"]
[SourceVersion "1"]
[SourceVersionDate "2017.06.22"]
[SourceQuality "1"]

1. e4 e6 2. Nf3 d5 3. Nc3 Nf6 4. e5 Nfd7 5. d4 c5 6. dxc5 Bxc5 7. Bd3 Nc6 8. Bf4 f6 9. exf6 Nxf6 10. 0-0 0-0 11. Be5 Ng4 12. Bg3 Bd7 13. h3 Nf6 14. Qd2 Qe8 15. Rae1 h6 16. Ne5 Nxe5 17. Rxe5 Bd4 18. Bh7+ Kxh7 19. Qxd4 Qg6 20. Qd2 Rac8 21. Rfe1 Rc4 22. Qd3 Qxd3 23. cxd3 Rb4 24. R5e2 Nh5 25. Bd6 Rbf4 26. Bxf8 Rxf8 27. g3 Nf6 28. Rc2 Ne8 29. Kg2 Bc6 30. d4 Nc7 31. b4 Re8 32. Re5 Nb5 33. Nxb5 Bxb5 34. Rc7 Bc6 35. f4 a6 36. f5 1-0

[Event "GER-ch U25-A"]
[Site "Willingen"]
[Date "2017.06.04"]
[Round "2"]
[White "Schilay, Lorenz"]
[Black "Gallasch, Robin"]
[Result "1/2-1/2"]
[WhiteElo "1813"]
[BlackElo "1634"]
[PlyCount "130"]
[EventDate "2017.06.04"]
[EventType "swiss"]
[EventRounds "9"]
[EventCountry "GER"]
[SourceTitle "CBM 178 Extra"]
[Source "ChessBase"]
[SourceDate "2017.06.22"]
[SourceVersion "1"]
[SourceVersionDate "2017.06.22"]
[SourceQuality "1"]

1. e4 c6 2. Nf3 d5 3. exd5 cxd5 4. Ne5 Nf6 5. d4 Nc6 6. Bb5 Bd7 7. Nxd7 Qxd7 8. c3 e6 9. 0-0 Bd6 10. Nd2 a6 11. Bd3 Qc7 12. Nf3 h6 13. Qe2 0-0 14. Bd2 b5 15. h3 e5 16. dxe5 Nxe5 17. Nxe5 Bxe5 18. a4 Rfe8 19. Be3 b4 20. Rac1 bxc3 21. bxc3 Qa5 22. Qc2 Rac8 23. c4 d4 24. Bd2 Qc5 25. Rb1 Rb8 26. Rxb8 Rxb8 27. Rb1 Qc7 28. Rxb8+ Qxb8 29. c5 Nd5 30. Bc4 Nc3 31. Qf5 Qb1+ 32. Qxb1 Nxb1 33. Bb4 Nc3 34. a5 Bc7 35. Kf1 Kf8 36. Bxa6 Nd5 37. Ba3 Bxa5 38. Ke2 Nb4 39. Bb5 d3+ 40. Bxd3 Nxd3 41. Kxd3 h5 42. Kc4 Ke8 43. Bb4 Bc7 44. Kd5 Kd7 45. c6+ Kc8 46. Bd6 Bb6 47. Bc5 Bc7 48. f3 g6 49. Bd6 Ba5 50. Be5 Kd8 51. Kc5 Kc8 52. Kb5 Be1 53. c7 Bd2 54. Kc6 Be1 55. g3 Ba5 56. g4 hxg4 57. fxg4 Be1 58. Bf6 Bg3 59. Bd8 f5 60. Kd5 Bxc7 61. Bxc7 Kxc7 62. Ke5 Kd7 63. gxf5 gxf5 64. Kxf5 Ke7 65. Kg6 Kf8 1/2-1/2

[Event "Mittelfranken-chT2b 1617"]
[Site "Mittelfranken"]
[Date "2017.05.14"]
[Round "9.5"]
[White "Schilay, Lorenz"]
[Black "Gagel, Roland"]
[Result "1-0"]
[WhiteElo "1861"]
[BlackElo "1768"]
[PlyCount "109"]
[EventDate "2016.10.23"]
[EventType "team-tourn"]
[EventRounds "9"]
[EventCountry "GER"]
[SourceTitle "EXT 2022"]
[Source "ChessBase"]
[SourceDate "2021.10.06"]
[SourceVersion "1"]
[SourceVersionDate "2021.10.06"]
[SourceQuality "1"]
[WhiteTeam "Neumarkt"]
[BlackTeam "Forchheim SC III"]
[WhiteTeamCountry "GER"]
[BlackTeamCountry "GER"]

1. e4 c5 2. c3 d6 3. d4 Nf6 4. Bd3 Nc6 5. Nf3 Bg4 6. d5 Ne5 7. Nxe5 dxe5 8. Qxg4 Nxg4 9. Bb5+ Qd7 10. Bxd7+ Kxd7 11. f3 Nf6 12. Na3 Ne8 13. Be3 Rc8 14. Kf2 Nd6 15. c4 g6 16. g4 h5 17. h3 Bg7 18. Rab1 b6 19. b3 hxg4 20. hxg4 Rxh1 21. Rxh1 Rh8 22. Rxh8 Bxh8 23. Ke2 f6 24. Kd3 g5 25. Nc2 a5 26. a3 Nb7 27. b4 axb4 28. axb4 Bg7 29. bxc5 bxc5 30. Na1 Kc7 31. Nb3 Kb6 32. Kc3 Bf8 33. Kb2 Bg7 34. Ka3 Bf8 35. Ka4 e6 36. Bd2 Ka6 37. Ba5 exd5 38. exd5 Bd6 39. Bc3 Bc7 40. Nd2 Nd6 41. Kb3 Kb6 42. Kc2 Bd8 43. Kd3 Be7 44. Ne4 Nb7 45. Ng3 Nd6 46. Bd2 Bd8 47. Ne4 Ne8 48. Nc3 Nc7 49. Ke4 Ne8 50. Nb5 Ng7 51. Be1 Kb7 52. Ba5 Kc8 53. d6 Kd7 54. Kd5 Ne6 55. Bd2 1-0

[Event "Landesliga U20 Nord 1617"]
[Site "Bayern"]
[Date "2017.03.11"]
[Round "7.1"]
[White "Bruell, Elias"]
[Black "Schilay, Lorenz"]
[Result "0-1"]
[WhiteElo "1724"]
[BlackElo "1861"]
[PlyCount "120"]
[EventDate "2016.11.12"]
[EventType "team-tourn"]
[EventRounds "7"]
[EventCountry "GER"]
[SourceTitle "EXT 2022"]
[Source "ChessBase"]
[SourceDate "2021.10.06"]
[SourceVersion "1"]
[SourceVersionDate "2021.10.06"]
[SourceQuality "1"]
[WhiteTeam "Regensburg Bavaria II"]
[BlackTeam "Neumarkt U20"]
[WhiteTeamCountry "GER"]
[BlackTeamCountry "GER"]

1. e4 e5 2. Nf3 Nc6 3. Bb5 a6 4. Ba4 d6 5. h3 Be7 6. 0-0 Nf6 7. Re1 0-0 8. c3 Be6 9. d4 exd4 10. cxd4 d5 11. e5 Nd7 12. Nc3 b5 13. Bc2 Nb4 14. Bb3 Nb6 15. a3 Nc6 16. Be3 Na5 17. Bc2 Rc8 18. b4 Nac4 19. Qd3 g6 20. Bh6 Re8 21. g4 c6 22. Nd2 Nxd2 23. Qxd2 Nc4 24. Qd3 Bg5 25. Bxg5 Qxg5 26. Qg3 Qd2 27. Qd3 Qxd3 28. Bxd3 Ra8 29. Ne2 a5 30. Nf4 axb4 31. axb4 Nd2 32. Be2 Nb3 33. Rad1 Ra2 34. Rd3 Nd2 35. Rc3 Nc4 36. Nd3 Rea8 37. Rcc1 Rd2 38. Kf1 Raa2 39. Rcd1 h5 40. Rxd2 Nxd2+ 41. Kg2 hxg4 42. hxg4 Nb3 43. Rb1 Nxd4 44. Bf3 Ra3 45. Rd1 Rb3 46. Kg3 Nc2 47. Rc1 Nxb4 48. Nxb4 Rxb4 49. Rxc6 Rc4 50. Rb6 b4 51. Rb5 d4 52. Be2 Rc3+ 53. Kf4 d3 54. Bd1 Rc1 55. Bf3 d2 56. Rxb4 d1Q 57. Bxd1 Rxd1 58. f3 Kg7 59. Ke3 Re1+ 60. Kd4 Kh6 0-1

[Event "Mittelfranken-chT2b 1617"]
[Site "Mittelfranken"]
[Date "2017.01.22"]
[Round "5.6"]
[White "Weber, Alexander"]
[Black "Schilay, Lorenz"]
[Result "1-0"]
[WhiteElo "1802"]
[BlackElo "1861"]
[PlyCount "71"]
[EventDate "2016.10.23"]
[EventType "team-tourn"]
[EventRounds "9"]
[EventCountry "GER"]
[SourceTitle "EXT 2022"]
[Source "ChessBase"]
[SourceDate "2021.10.06"]
[SourceVersion "1"]
[SourceVersionDate "2021.10.06"]
[SourceQuality "1"]
[WhiteTeam "Erlangen SC III"]
[BlackTeam "Neumarkt"]
[WhiteTeamCountry "GER"]
[BlackTeamCountry "GER"]

1. b3 e5 2. Bb2 Nc6 3. e3 d5 4. Bb5 Bd6 5. Nf3 Qe7 6. d4 e4 7. Ne5 Bd7 8. Nxd7 Qxd7 9. c4 a6 10. Ba4 Nf6 11. Nc3 0-0 12. cxd5 Nxd5 13. Nxd5 b5 14. Bxb5 axb5 15. Nc3 f5 16. a3 b4 17. Na4 Qe7 18. axb4 Nxb4 19. 0-0 Qh4 20. g3 Qh3 21. f4 Rf6 22. Ba3 Rh6 23. Qe2 Nd3 24. Bxd6 Rxd6 25. Nc5 Rxa1 26. Rxa1 Nxc5 27. dxc5 Rd3 28. Rd1 Rxd1+ 29. Qxd1 c6 30. Qd8+ Kf7 31. Qd7+ Kf8 32. Qxc6 Qg4 33. Qd6+ Kf7 34. Qd2 Qg6 35. Qd7+ Kg8 36. c6 1-0